Bienvenue à la E-Bibliothèque de l’UEH

Bénéficiez l'accès à des milliers de ressources en ligne

Flaubert et la théorie littéraire : (notice nᵒ 13424)

détails MARC
000 -LEADER
fixed length control field 02555 a2200421 4500
001 - CONTROL NUMBER
control field OB-pusl-21739
003 - CONTROL NUMBER IDENTIFIER
control field FrMaCLE
005 - DATE AND TIME OF LATEST TRANSACTION
control field 20251214082815.0
007 - PHYSICAL DESCRIPTION FIXED FIELD--GENERAL INFORMATION
fixed length control field cu ||||||m||||
008 - FIXED-LENGTH DATA ELEMENTS--GENERAL INFORMATION
fixed length control field 190527e||||||||xx |||||s|||||||||0|fr|d
020 ## - INTERNATIONAL STANDARD BOOK NUMBER
International Standard Book Number 978-2-8028-0477-2
024 7# - OTHER STANDARD IDENTIFIER
Standard number or code 10.4000/books.pusl.21739
Source of number or code doi
040 ## - CATALOGING SOURCE
Original cataloging agency FR-FrMaCLE
041 ## - LANGUAGE CODE
Language code of text/sound track or separate title fra
100 1# - MAIN ENTRY--PERSONAL NAME
Personal name Logé, Tanguy
245 10 - TITLE STATEMENT
Title Flaubert et la théorie littéraire :
Remainder of title En hommage à Claudine Gothot-Mersch /
Statement of responsibility, etc. Tanguy Logé, Marie-France Renard.
260 ## - PUBLICATION, DISTRIBUTION, ETC.
Place of publication, distribution, etc. Bruxelles :
Name of publisher, distributor, etc. Presses universitaires Saint-Louis Bruxelles,
Date of publication, distribution, etc. 2019.
300 ## - PHYSICAL DESCRIPTION
Extent 320 p.
500 ## - GENERAL NOTE
General note Ebook
520 ## - SUMMARY, ETC.
Summary, etc. Ce colloque a été organisé en hommage à Claudine Gothot-Mersch, professeur aux Facultés, à l'occasion de son admission à l'eméritat. Son importante contribution aux études flaubertiennes, unanimement reconnue, l'a amenée à diriger l'édition des œuvres complètes de Flaubert chez Gallimard, dans la prestigieuse « Bibliothèque de la Pléiade ». La plupart des collaborateurs qu'elle s'est choisis pour mener à bien ce vaste projet - Jeanne Bem, Anne Herschberg-Pierrot, Gisèle Séginger, Pierre-Marc de Biasi, Yvan Leclerc, Jacques Neefs, - ont participé aux journées bruxelloises ayant pour thème « Flaubert et la théorie littéraire ». Soucieux de projeter un éclairage nouveau sur l'œuvre en partant du travail créateur les différents spécialistes se sont interrogés sur quelques données essentielles : de quelle manière Flaubert aborde-t-il, dans sa réflexion critique comme dans ses écrits fictionnels, les questions de poétique, de rhétorique et d'esthétique formulées depuis l'Antiquité ? Comment résout-il les problèmes de genres, de niveaux de style, de modes narratif ? Quelles sont les catégories esthétiques où il évolue ? Répond-il aux canons en usage à son époque ou contribue-t-il à en élaborer, d'autres ?
540 ## - TERMS GOVERNING USE AND REPRODUCTION NOTE
Terms governing use and reproduction OpenEdition Books License
Uniform Resource Identifier <a href="https://www.openedition.org/12554">https://www.openedition.org/12554</a>
650 #4 - SUBJECT ADDED ENTRY--TOPICAL TERM
Topical term or geographic name entry element Literature, Romance
Topical term or geographic name entry element hommage
Topical term or geographic name entry element étude flaubertienne
Topical term or geographic name entry element analyse littéraire
Topical term or geographic name entry element roman
Topical term or geographic name entry element théâtre
Topical term or geographic name entry element œuvre littéraire
Topical term or geographic name entry element rhétorique
Topical term or geographic name entry element poétique
Topical term or geographic name entry element esthétique
Topical term or geographic name entry element mode narratif
Topical term or geographic name entry element style
Topical term or geographic name entry element discours théorique
700 1# - ADDED ENTRY--PERSONAL NAME
Personal name Renard, Marie-France
776 ## - ADDITIONAL PHYSICAL FORM ENTRY
International Standard Book Number 978-2-8028-0156-6
856 4# - ELECTRONIC LOCATION AND ACCESS
Data provenance Logé, Tanguy
Uniform Resource Identifier <a href="https://books.openedition.org/pusl/21739">https://books.openedition.org/pusl/21739</a>
Link text Flaubert et la théorie littéraire

Pas d'exemplaire disponible.

Bibliothèque universitaire de l'UEH
Portail centralisé donnant accès au catalogue, aux ressources numériques et aux productions scientifiques de l’Université d’État d’Haïti.

Plateformes institutionnelles

  • Dépôt institutionnel UEH
  • Revues scientifiques UEH
  • GED institutionnelle
  • UEH enseignement à distance

Contact

  • Adresse : 21 Rue Rivière, Port-au-Prince
  • Email : bibliotheque@ueh.edu.ht
  • Téléphone : +509 22-45-68-43 / 22-45-68-44
  • Heures : Lundi–Vendredi 8h–16h
© 2026 UEH – E-Bibliothèque de l’Université d’État d’Haïti | À propos | Confidentialité | Conditions | Mentions légales | Accessibilité | Plan du site | Contact